01262nam a2200313Ia 4500001001200000003000800012006001900020007001500039008004100054010001700095015001500112020001500127020001500142040002100157035002100178050002400199100003300223245013000256250001200386260004300398300004700441504006600488533015200554650003800706650003200744655002900776710001700805856012600822ebr10135746CaPaEBRm u cr cn|||||||||020206s2002 nyuabf sb 001 0 eng d z 2002070448 aGBA2-U6945 z1403982716 z0312293992 aCaPaEBRcCaPaEBR a(OCoLC)56018032414aHV6457b.W35 2002eb1 aWaldrep, Christopher,d1951-14aThe many faces of Judge Lynchh[electronic resource] :bextralegal violence and punishment in America /cChristopher Waldrep. a1st ed. aNew York :bPalgrave Macmillan,c2002. ax, 264 p., [12] p. of plates :bill., map. aIncludes bibliographical references (p. [233]-256) and index. aElectronic reproduction.bPalo Alto, Calif. :cebrary,d2009.nAvailable via World Wide Web.nAccess may be limited to ebrary affiliated libraries. 0aLynchingzUnited StatesxHistory. 0aHate crimeszUnited States. 7aElectronic books.2local2 aebrary, Inc.40uhttp://site.ebrary.com/lib/rucke/Doc?id=10135746zAn electronic book accessible through the World Wide Web; click to view